000 00524nam a2200193 i 4500
001 47237
003 ES-MaACL
005 20251114150612.0
007 t|
008 030404s1965 sp ||||1| spa d
100 1 _aCook, Fred J.
_940348
245 1 3 _aEl F.B.I. desconocido /
_cpor Fred J. Cook.
250 _a1ª ed.
260 _aBarcelona :
_bBruguera,
_c1965.
300 _a391 p. ;
_c22 cm.
700 1 _aGiménez Sales, Miguel,
_d1922-
_957067
852 _aES-MaACL
_jC-27955
_bR.57286
999 _c47237
_d47237